000 00269nam a2200121Ia 4500
008 190216s9999||||xx |||||||||||||| ||und||
100 _aNull
245 0 _aHindi-Gous Member
260 _bCosmo Publications New Delhi
300 _a107
650 _aHindi
942 _cBK
999 _c15578
_d15578